01012nac a22002411u 4500010001700000020002800017082001800045090001500063100003400078245008200112260005100194300001100245500005500256500002500311504005100336511002800387650002500415700002700440942002000467999001500487952014600502952012200648 a 2004046585 a1575241986 (alk. paper)00a658.4034bECK c9592d9592 aEcker, Joseph G. 10aIntroduction to operations research /cJoseph G. Ecker, Michael Kupferschmid. aMalabar, Fla. :bKrieger Pub.,c.2004.cc.2004. ap. cm. aOriginally published: New York : John Wiley, 1988. aDistributer: Baccah. aIncludes bibliographical references and index. aCatalogued By: Mahitab. 0aOperations research.1 aKupferschmid, Michael. cBBk658.4034ECK c9592d9592 00102ddc40708 aMAINbMAINc1STd2008-05-22epurchaseg420.00l6m10o658.4034ECKp000011392r2025-07-15 00:00:00s2022-04-12v525.00yBB 00104070aMAINbMAINc1STd2008-05-22ePurchaseg420.00l0o658.4034ECKp000011387r2025-07-15 00:00:00v525.00yNB